IFM Opac

Money, Banking, Financial Markets & Institutions (Record no. 22204)

MARC details
000 -LEADER
fixed length control field 00329nam a22001337a 4500
020 ## - INTERNATIONAL STANDARD BOOK NUMBER
ISBN 978-1-337-90272-4
082 ## - DEWEY DECIMAL CLASSIFICATION NUMBER
Classification number 332.1
100 ## - MAIN ENTRY--AUTHOR NAME
Personal name Brandi, Michael W.
245 ## - TITLE STATEMENT
Title Money, Banking, Financial Markets & Institutions
250 ## - EDITION STATEMENT
Edition statement 2nd
260 ## - PUBLICATION, DISTRIBUTION, ETC. (IMPRINT)
Place of publication Boston:
Name of publisher Cengage,
Year of publication 2021
300 ## - PHYSICAL DESCRIPTION
Number of Pages xix, 556p.: ill.; 26cm
942 ## - ADDED ENTRY ELEMENTS (KOHA)
Koha item type Books
Holdings
Withdrawn status Lost status Damaged status Not for loan Collection code Permanent Location Current Location Shelving location Date acquired Source of acquisition Full call number Accession Number Price effective from Koha item type
        Non-fiction IFM Main Campus Library IFM Main Campus Library Work Room processing 01/23/2026 Purchased 332.1 BRA 0000030287 01/23/2026 Books
        Non-fiction IFM Main Campus Library IFM Main Campus Library Work Room processing 01/23/2026 Purchased 332.1 BRA 0000030285 01/23/2026 Books
        Non-fiction IFM Main Campus Library IFM Main Campus Library Work Room processing 01/23/2026 Purchased 332.1 BRA 0000030286 01/23/2026 Books